ბათუმის შოთა რუსთაველის სახელმწიფო უნივერსიტეტის ბიბლიოთეკა

წინასწარი გამოძიების ფსიქოლოგიური თავისებურებები : (ბიბ.ჩანაწერი № 49353)

000 -ლიდერი
ფიქსირებული სიგრძის საკონტროლო ველი 01530nam a2200253Ia 4500
001 - საკონტროლო ნომერი
საკონტროლო ველი 16270
003 - საკონტროლო ნომრის იდენტიფიკატორი
საკონტროლო ველი GE_BSU
005 - ბოლო ოპერაციის თარიღი და დრო
საკონტროლო ველი 20221125162536.0
008 - ფიქსირებული სიგრძის მონაცემთა ელემენტები - ზოგადი ინფორმაცია
ფიქსირებული სიგრძის საკონტროლო ველი 181216s2010||||ge |||||||||||||| ||geo||
020 ## - წიგნის საერთაშორისო სტანდარტული ნომერი
International Standard Book Number 9789994098569
040 ## - კატალოგიზაციის წყარო
Transcribing agency GE_BSU
041 ## - ენის კოდი
Language code of text/sound track or separate title geo
080 ## - უნივერსალური ათობითი კლასიფიკაციის ინდექსი
Universal Decimal Classification number 343.95 + 343.132 ე-78
100 ## - მთავარი ჩანაწერი - პიროვნების სახელი
Personal name ერიაშვილი, ნოდარ
9 (RLIN) 3267
245 ## - ცნობა სათაურის შესახებ
Title წინასწარი გამოძიების ფსიქოლოგიური თავისებურებები :
Remainder of title [უმაღლ. სასწ. სტუდ.-თვის, რომლებიც შეისწავლიან "იურისპრუდენციის" სპეციალობას] /
Statement of responsibility, etc ნოდარ ერიაშვილი ; [რედ. სერგო ბარამიძე, მანანა სულხანიშვილი].
264 ## - წარმოების, გამოცემის, დისტრიბუციის და სხვა ცნობები
გამოცემის, წარმოების, დისტრიბუციის... ადგილი თბ. :
გამოცემის, წარმოების, დისტრიბუციის... სახელწოდება სამართლიანი საქართველო,
გამოცემის, წარმოების, დისტრიბუციის... თარიღი 2010.
300 ## - ფიზიკური აღწერა
Extent 140 გვ.;
Other physical details 20 სმ.
300 ## - ფიზიკური აღწერა
Other physical details გარეკანზე ავტ. აღნიშნული არ არის. - მოკლე ტერმინოლ. ლექსიკონი: გვ. 128.
653 ## - INDEX TERM--UNCONTROLLED
Uncontrolled term სამართალი
653 ## - INDEX TERM--UNCONTROLLED
Uncontrolled term წინასწარი გამოძიება
653 ## - INDEX TERM--UNCONTROLLED
Uncontrolled term იურიდიული ფსიქოლოგია
700 ## - ADDED ENTRY--PERSONAL NAME
Personal name სულხანიშვილი, მანანა
Relator term რედაქტორი
9 (RLIN) 6773
942 ## - ADDED ENTRY ELEMENTS (KOHA)
Koha item type წიგნი
Source of classification or shelving scheme
ეგზემპლარები
ჩამოწერის სტატუსი დაკარგული ეგზემპლარის სტატუსი კლასიფიკაციის წყარო ან თაროზე გაწყობის სქემა დაზიანების სტატუსი არ გაიცემა მუდმივი მდებარეობა (დაცვის ადგილი) ამჟამინდელი ადგილსამყოფელი თაროზე განთავსების ადგილი შეძენის თარიღი ღირებულება, შესყიდვის ნორმალური ფასი სრული შენახვის შიფრი შტრიხკოდი ბოლო ოპერაციის თარიღი ეგზემპლარის მიმდევრობითი ნომერი (კეტერი?) ფასის ძალაში შესვლის თარიღი ეგზემპლარის სახეობა საჯარო შენიშვნა
          ბათუმის შოთა რუსთაველის სახელმწიფო უნივერსიტეტის მთავარი ბიბლიოთეკა ბათუმის შოთა რუსთაველის სახელმწიფო უნივერსიტეტის მთავარი ბიბლიოთეკა წიგნსაცავი 2018-12-17 26.00 343.95 + 343.132 ე-78 40691 2018-12-17 40691 2018-12-17 წიგნი 26 ლ.
          ბათუმის შოთა რუსთაველის სახელმწიფო უნივერსიტეტის მთავარი ბიბლიოთეკა ბათუმის შოთა რუსთაველის სახელმწიფო უნივერსიტეტის მთავარი ბიბლიოთეკა წიგნსაცავი 2018-12-17 26.00 343.95 + 343.132 ე-78 40692 2018-12-17 40692 2018-12-17 წიგნი 26 ლ.